Immunoassay (Record no. 171259)

MARC details
000 -LEADER
fixed length control field 00358nam a2200145Ia 4500
008 - FIXED-LENGTH DATA ELEMENTS--GENERAL INFORMATION
fixed length control field 230917s9999||||xx |||||||||||||| ||und||
040 ## - CATALOGING SOURCE
-- 202151
Original cataloging agency VIVEKANANDA LIBRARY
041 ## - Language
-- English
082 ## - DDC NUMBER
Classification number 574.19285 D541I
100 ## - MAIN ENTRY--PERSONAL NAME
Personal name Diamandis, Eleftherios P
245 #0 - TITLE STATEMENT
Title Immunoassay
260 ## - PUBLICATION, DISTRIBUTION, ETC. (IMPRINT)
Place of publication, distribution, etc Boston
Name of publisher, distributor, etc Academic Press
Date of publication, distribution, etc 1996
300 ## - PHYSICAL DESCRIPTION
Pages xxxii, 579 p.
942 ## - ADDED ENTRY ELEMENTS (KOHA)
Koha item type Books
Holdings
Withdrawn status Lost status Damaged status Not for loan Location (home branch) Sublocation or collection (holding branch) Date acquired Koha issues (times borrowed) Koha full call number Accession No. Koha date last seen Koha item type
        VIVEKANANDA LIBRARY VIVEKANANDA LIBRARY 30/08/2012   574.19285 D541I 319947 17/09/2023 Books
        VIVEKANANDA LIBRARY VIVEKANANDA LIBRARY 30/08/2012   574.19285 D541I 334527 17/09/2023 Books
© Designed and Maintained by Vivekananda Library, MDU Rohtak